SSMILES (Record no. 77347)

MARC details
000 -CABECERA
campo de control de longitud fija 00848nam a2200313 a 4500
005 - FECHA Y HORA DE LA ÚLTIMA TRANSACCIÓN
campo de control 20210219153444.0
008 - ELEMENTOS DE LONGITUD FIJA--INFORMACIÓN GENERAL
campo de control de longitud fija 991125n 000 0 u
035 ## - NÚMERO DE CONTROL DEL SISTEMA
Número de control de sistema UPN01000100979
100 ## - ASIENTO PRINCIPAL--NOMBRE PERSONAL
Nombre de persona Sunal, Dennis W.
222 ## - TÍTULO CLAVE
Título clave SCHOOL SCIENCE AND MATHEMATICS
245 ## - MENCIÓN DE TÍTULO
Título SSMILES
300 ## - DESCRIPCIÓN FÍSICA
Extensión 272-275
362 ## - FECHAS DE PUBLICACIÓN Y/O DESIGNACIÓN SECUENCIAL
Fecha de publicación y/o designación secuencial 91, No. 6, 1991
505 ## - NOTA DE CONTENIDO CON FORMATO PREESTABLECIDO
Nota de contenido con formato Mayo 1992
653 0# - TERMINO DE INDIZACION - NO CONTROLADO
Término no controlado ACTIVIDADES CIENTIFICAS
653 0# - TERMINO DE INDIZACION - NO CONTROLADO
Término no controlado ACTIVIDADES INTEGRALES
653 0# - TERMINO DE INDIZACION - NO CONTROLADO
Término no controlado ARBOLES
653 0# - TERMINO DE INDIZACION - NO CONTROLADO
Término no controlado CIENCIA DE LA TIERRA
653 0# - TERMINO DE INDIZACION - NO CONTROLADO
Término no controlado CIENCIAS DE LA TIERRA
653 0# - TERMINO DE INDIZACION - NO CONTROLADO
Término no controlado CLASIFICACION
653 0# - TERMINO DE INDIZACION - NO CONTROLADO
Término no controlado 7. CONSERVACION DEL MEDIO AMBIENTE
653 0# - TERMINO DE INDIZACION - NO CONTROLADO
Término no controlado 8. CUERPO HUMANO
653 0# - TERMINO DE INDIZACION - NO CONTROLADO
Término no controlado 9. ECUACIONES (MATEMATICAS)
653 0# - TERMINO DE INDIZACION - NO CONTROLADO
Término no controlado 10. MEDICION
653 0# - TERMINO DE INDIZACION - NO CONTROLADO
Término no controlado 11. RESOLUCION DE PROBLEMAS
700 ## - ASIENTO SECUNDARIO--NOMBRE DE PERSONAL
Nombre de persona Tracy, Dyanne M.
904 ## - ELEMENTOS DE DATOS D LOCAL, LDD (RLIN)
a AC
b 038790
905 ## - TIPO DE MATERIAL
Tipo de material Articulo

No items available.